000 00712nam a2200205 a 4500
001 000041927
005 20201002035833.0
008 131023s1993 sp 000 0 spa d
020 _a8488344007
040 _aDO-SdBNP
_bspa
_cBNPHU
082 _axxx
_bxxx
100 1 _aPalma, Ricardo,
_d1833-1919
_915657
245 1 0 _aTradiciones Peruanas /
_cRicardo Palma ; edición crítica, coordinador Julio Ortega.
260 _aMadrid :
_bConsejo Superior de Investigaciones Científicas,
_c1993.
300 _aXXIX, 658 p. ;
_c24 cm.
490 1 _aArchivos
_v23
500 _aIncluye referencias bibliográficas y notas al pie de las páginas.
700 1 2 _aOrtega, Julio
_eed.
_915068
830 0 _aArchivos
_n23
_968832
999 _c41416
_d41416